Los grandes mercados de materias primas / (Record no. 124567)
[ view plain ]
| 000 -LEADER | |
|---|---|
| campo de control de longitud fija | 00706nam a2200217 i 4500 |
| 001 - NÚMERO DE CONTROL | |
| campo de control | 124567 |
| 003 - IDENTIFICADOR DE NÚMERO DE CONTROL | |
| campo de control | ES-MaACL |
| 005 - FECHA Y HORA DE LA ÚLTIMA TRANSACCIÓN | |
| campo de control | 20250813062628.0 |
| 007 - CAMPO FIJO DE DESCRIPCIÓN FÍSICA--INFORMACIÓN GENERAL | |
| campo de control de longitud fija | t| |
| 008 - DATOS DE LONGITUD FIJA--INFORMACIÓN GENERAL | |
| campo de control de longitud fija | 070330s1944 sp ||||1| spa d |
| 080 ## - NÚMERO DE LA CLASIFICACIÓN DECIMAL UNIVERSAL | |
| Número de la Clasificación Decimal Universal | 38:6.0023 |
| 100 1# - ENTRADA PRINCIPAL--NOMBRE DE PERSONA | |
| Nombre de persona | Maurette, Fernand. |
| 9 (RLIN) | 79243 |
| 245 14 - MENCIÓN DEL TÍTULO | |
| Título | Los grandes mercados de materias primas / |
| Mención de responsabilidad, etc. | Fernand Maurette ; traducción de la octava edición francesa por Joaquina Comas de Candel. |
| 260 ## - PUBLICACIÓN, DISTRIBUCIÓN, ETC. | |
| Lugar de publicación, distribución, etc. | Barcelona : |
| Nombre del editor, distribuidor, etc. | Labor, |
| Fecha de publicación, distribución, etc. | [1944] |
| 300 ## - DESCRIPCIÓN FÍSICA | |
| Extensión | 218 p., map. intercal. : |
| Otras características físicas | il. ; |
| Dimensiones | 17 cm. |
| 490 1# - MENCIÓN DE SERIE | |
| Mención de serie | Colección Labor ; |
| Designación de volumen o secuencia | 415 |
| 700 0# - ENTRADA AGREGADA--NOMBRE PERSONAL | |
| Nombre de persona | Comas, Joaquina. |
| 9 (RLIN) | 39934 |
| 830 00 - PUNTO DE ACCESO ADICIONAL DE SERIE-TÍTULO UNIFORME | |
| Título uniforme | Colección Labor |
| Designación de volumen o secuencia | 415 |
| 9 (RLIN) | 184254 |
| 852 ## - LOCALIZACIÓN | |
| Ubicación | ES-MaACL |
| Número de control de estantería | E-2876 |
| Estatus retirado | Estado de pérdida | Estado de daño | No para préstamo | Biblioteca de origen | Biblioteca actual | Ubicación en estantería | Fecha de adquisición | Fuente de adquisición | Total de préstamos | Signatura topográfica completa | Código de barras | Visto por última vez | Precio de reemplazo | Tipo de ítem Koha |
|---|---|---|---|---|---|---|---|---|---|---|---|---|---|---|
| Biblioteca del Ateneo de Madrid | Biblioteca del Ateneo de Madrid | Depósito 2 | 17/01/2008 | E-2876 | 1129782 | 23/02/2023 | 23/02/2023 | Libro impreso |
